Surgical Care at the District Hospital (Record no. 1385)

MARC details
000 -LEADER
fixed length control field 00508nam a22001937a 4500
003 - CONTROL NUMBER IDENTIFIER
control field OSt
005 - DATE AND TIME OF LATEST TRANSACTION
control field 20191030101939.0
008 - FIXED-LENGTH DATA ELEMENTS--GENERAL INFORMATION
fixed length control field 150409b xxu||||| |||| 00| 0 eng d
020 ## - INTERNATIONAL STANDARD BOOK NUMBER
International Standard Book Number 9241545755
040 ## - CATALOGING SOURCE
Transcribing agency DNLM
082 ## - DEWEY DECIMAL CLASSIFICATION NUMBER
Classification number WO 27 S77w 2004
100 ## - MAIN ENTRY--PERSONAL NAME
Personal name World Health Organization
9 (RLIN) 3669
245 ## - TITLE STATEMENT
Title Surgical Care at the District Hospital
260 ## - PUBLICATION, DISTRIBUTION, ETC. (IMPRINT)
Place of publication, distribution, etc. London:
Name of publisher, distributor, etc. WHO,
Date of publication, distribution, etc. 2004
300 ## - PHYSICAL DESCRIPTION
Extent Different numbering.
Other physical details ill;
Dimensions 29 cm.
504 ## - BIBLIOGRAPHY, ETC. NOTE
Bibliography, etc Includes index.
650 ## - SUBJECT ADDED ENTRY--TOPICAL TERM
Topical term or geographic name as entry element Surgery
9 (RLIN) 3670
942 ## - ADDED ENTRY ELEMENTS (KOHA)
Source of classification or shelving scheme Other/Generic Classification Scheme
Koha item type Short Loan
Holdings
Withdrawn status Lost status Source of classification or shelving scheme Damaged status Not for loan Home library Current library Date acquired Source of acquisition Inventory number Total Checkouts Full call number Barcode Date last seen Price effective from Koha item type
    Other/Generic Classification Scheme     MUST Main Library MUST Main Library 09/04/2015   2010/32384   WO 27 S77w 2004 2015-0864 09/04/2015 09/04/2015 Short Loan
    Other/Generic Classification Scheme     MUST Main Library MUST Main Library 09/04/2015   2003/20291   WO 39 S69 2003 2015-0865 09/04/2015 09/04/2015 Short Loan